Paroles - Manu - Renaud - Statistiques

Statistiques générales
  • Ce quiz a été pris 1 478 fois
  • Le résultat moyen est 272 sur 348
Statistiques - réponses
Paroles % Correct
ma
100%
Manu
99%
de
97%
Eh !
97%
Eh
97%
la
96%
ta
96%
Le
95%
pas
94%
toi
93%
Toi
93%
va
93%
Va
93%
A
92%
a
92%
à
92%
Et
92%
et
92%
tu
92%
Tu
92%
un
92%
C'est
91%
c'est
91%
des
90%
Dès
90%
te
90%
qui
89%
Ca
88%
ça
88%
copains
88%
Une
88%
en
87%
gonzesse
87%
les
87%
perdue
87%
que
87%
r'viennent
87%
Y'a
86%
y'a
86%
dix
85%
Pour
85%
pour
85%
bière
84%
chez
84%
fermer
84%
rentre
84%
ton
84%
Ton
84%
larmes
83%
coeur
82%
plein
82%
t'tailler
82%
veines
82%
bistrot
81%
Déconne
81%
déconne
81%
est
80%
cuir
79%
fait
79%
mec
79%
pouvait
78%
qu'un
78%
chialer
77%
con
77%
elle
77%
Elle
77%
je
77%
Ou
77%
77%
Pi
76%
T'as
76%
t'es
76%
gonfles
75%
même
75%
moi
75%
grand
74%
J'croyais
74%
Mais
74%
t'arriver
74%
dis
73%
Dis-
73%
fais
73%
J'pensais
73%
mal
73%
peu
73%
seul
73%
On
72%
on
72%
taulière
72%
alors
71%
Quand
71%
son
71%
souffrir
71%
du
70%
70%
gueule
70%
surtout
69%
vivre
69%
au
68%
Dans
68%
dans
68%
d'artichaut
67%
dit
67%
peine
67%
prénom
67%
t'tatouer
67%
tout
66%
vite
66%
cette
65%
couteau
65%
l'endroit
65%
palpite
65%
personne
65%
bail
64%
blindage
64%
bon
64%
couple
64%
faite
64%
lame
64%
nana
64%
Nous
64%
qu'tes
64%
qu't'es
64%
qu'tu
64%
rien
64%
bande
63%
d'la
63%
était
63%
longtemps
63%
lui
63%
Qu'on
63%
tatouages
63%
tous
63%
Avec
62%
haine
62%
libre
62%
maldonne
62%
nos
62%
sert
62%
été
61%
largué
61%
p'tites
61%
qu'elle
61%
Si
61%
t'étais
61%
toujours
61%
bide
60%
être
59%
loups
59%
migraine
59%
peut
59%
pieu
59%
Qu'était
59%
chier
58%
feu
58%
t'aime
58%
tienne
58%
t'tromper
58%
bras
57%
disais
57%
d'mande
57%
d'trottoir
57%
flippes
57%
croisé
56%
désolé
56%
d'histoire
56%
faut
56%
j'me
56%
J'oubliais
56%
d'un
55%
rade
55%
C't'à
54%
heureuse
54%
p't'être
54%
rencontré
54%
autres
53%
j'voudrais
53%
l'as
53%
maqués
53%
plus
53%
apache
52%
sauver
52%
souvent
52%
t'gourrer
52%
t'arraches
50%
amoureuse
49%
Qu't'as
48%
J'vais
40%
dire
30%
Aucun quiz correspondant
Distribution des résultats
% des personnes avec chaque résultat
Percentile par nombre de réponses
Votre historique - résultats
Vous n’avez pas pris ce quiz